UM Logo

Does the center hold?: (Record no. 3354)

MARC details
000 -LEADER
fixed length control field 00511nam a22001697a 4500
008 - FIXED-LENGTH DATA ELEMENTS--GENERAL INFORMATION
fixed length control field 160712b xxu||||| |||| 00| 0 eng d
020 ## - INTERNATIONAL STANDARD BOOK NUMBER
International Standard Book Number 0-07-353571-0
082 ## - DEWEY DECIMAL CLASSIFICATION NUMBER
Classification number DC 190 P18d 2008
100 ## - MAIN ENTRY--PERSONAL NAME
9 (RLIN) 11183
Personal name Palmer, Donald.
245 ## - TITLE STATEMENT
Title Does the center hold?:
Remainder of title an introduction to western philosophy/
250 ## - EDITION STATEMENT
Edition statement Fourth edition.
260 ## - PUBLICATION, DISTRIBUTION, ETC. (IMPRINT)
Place of publication, distribution, etc. Boston:
Name of publisher, distributor, etc. McGraw-Hill,
Date of publication, distribution, etc. c2008.
300 ## - PHYSICAL DESCRIPTION
Extent xv, 476 pages;
Dimensions 23 cm.
500 ## - GENERAL NOTE
General note Includes index.
650 #0 - SUBJECT ADDED ENTRY--TOPICAL TERM
9 (RLIN) 11184
Topical term or geographic name as entry element Philosophy
General subdivision Introductions.
942 ## - ADDED ENTRY ELEMENTS (KOHA)
Source of classification or shelving scheme Dewey Decimal Classification
Koha item type Circulation
Holdings
Withdrawn status Lost status Source of classification or shelving scheme Damaged status Not for loan Collection code Home library Current library Date acquired Source of acquisition Total Checkouts Full call number Barcode Date last seen Copy number Price effective from Koha item type
    Dewey Decimal Classification     Circulation UM Digos College - LIC UM Digos College - LIC 05/30/2011 Donation   DC 190 P18d 2008 21490 05/15/2025 1 07/12/2016 Circulation
    Dewey Decimal Classification     Circulation UM Digos College - LIC UM Digos College - LIC 05/30/2011 Donation   DC 190 P18d 2008 21529 05/15/2025 2 07/12/2016 Circulation